00330nam a2200133Ia 4500008004100000082001400041100002100055245003600076250000800112260002900120300001100149500002400160650001200184230524s9999 xx 000 0 und d a4.62bFAU aLaurence Fausett 0aFundamentals of Neural Networks a4TH aNEW DELHIbPearsonc2004 aXI;449 aQuantity Number: 2 aComp-Sc